| 000 | 00354nam a22001217a 4500 | ||
|---|---|---|---|
| 082 | _a220 PRO | ||
| 100 |
_aAHMAD,FAROOQ,WAQAS _972163 |
||
| 245 | _aPR-SOF-1125-PARAMETRIC STUDY AND DESIGN OF DYNAMETER FOR A UTOMOTIVE ENGINES | ||
| 260 |
_aISLAMABAD _bNUST COLLEGE OF EME _c2011 |
||
| 650 | _a DE-MECH-29 | ||
| 700 |
_aRAJA AMIR AZIM _972164 |
||
| 942 | _cCR | ||
| 999 |
_c578323 _d578323 |
||